| 000 | 01102cam a2200289 i 4500 | ||
|---|---|---|---|
| 001 | 1348477592 | ||
| 003 | OCoLC | ||
| 005 | 20250521143411.0 | ||
| 008 | 221023s2023 si a ob 000 0 eng d | ||
| 020 | _z9789811961908 | ||
| 040 |
_aYDX _beng _erda _cNUST _dNUST |
||
| 050 | 4 | _aTL696 KOZ | |
| 100 | 1 |
_aKozlov, A. I. _q(Anatoliĭ Ivanovich), _eauthor. |
|
| 245 | 1 | 0 |
_aRadar and radionavigation : _bpre-professional training for aviation radio specialists / _cAnatoly Ivanovich Kozlov, Yuri Grigoryevich Shatrakov, Dmitry Alexandrovich Zatuchny |
| 260 |
_aRussia, _bSpringer, _c2022. |
||
| 300 |
_ax,124 pages.: _billustrations (some color) _c25 cm |
||
| 336 |
_atext _btxt _2rdacontent |
||
| 337 |
_aunmediated _bn _2rdamedia |
||
| 338 |
_avolume _bnc _2rdacarrier |
||
| 504 | _aIncludes bibliographical references | ||
| 650 | 0 | _aRadar in aeronautics. | |
| 650 | 0 | _aElectromagnetic fields. | |
| 650 | 0 | _aRadio waves. | |
| 700 | 1 |
_aShatrakov, I͡U. G. _q(I͡Uriĭ Grigorʹevich), _eauthor |
|
| 700 | 1 |
_aZatuchny, Dmitry Alexandrovich, _eauthor |
|
| 942 |
_2ddc _n0 _cBOOKS _hTL696.KOZ _kTL _mKOZ |
||
| 999 |
_c171793 _d171793 |
||